Ultimate Vampire Diaries Quiz (Difficult) - Statistics

General Stats
  • This quiz has been taken 2,556 times
  • The average score is 17 of 29
Answer Stats
Hint Answer % Correct
Who's blood turned Caroline into a vampire? Damon
92%
Who burned down the Gilbert house? Elena
91%
Damon's Augustine cell mate Enzo
86%
Who was in the house at the time? ^^ Jeremy
83%
Who started the myth of the Sun and the Moon curse? Klaus
82%
Wolf girl who helped Tyler break the sire bond Hayley
81%
Who killed the above? ^^ Stefan
81%
Nickname given to Stefan in the 1900's Ripper of Monterey
80%
Herb which is toxic to vampires and hybrids Vervain
79%
Who ran Elena off Wickery Bridge? Rebekah
77%
How many Originals have been killed? Four
74%
Who killed Katherine, turning her into a vampire? Katherine
73%
Name of the Original Witch Esther
68%
Name of Ana's mother Pearl
66%
Who killed Bonnie's dad? Silas
66%
Katherine's daughter Nadia
65%
Salvatore brothers' father Giuseppe
57%
Herb which is toxic to werewolves and hybrids Wolfsbane
52%
Which college does Elena go to? Whitmore College
50%
Rose and _________ Trevor
45%
Name of the dead Mikaelson brother (not a vampire) Henrik
39%
Witch who sealed Mikael in the tomb Abby
38%
Leader of the Travellers Markos
32%
Rebekah's hunter ex-boyfriend Alexander
31%
Final step to transition into a Hybrid Drink Doppelganger Blood
30%
What object made the White Oak Stake indestructible? Alaric's Ring
21%
How did Katherine's daughter die? Hybrid Bite
20%
Language of the Hunters Mark Aramaic
11%
Name of the episode where Klaus breaks the "Sun and the Moon" Curse The Sun Also Rises
6%
No matching quizzes found
Score Distribution
Percent of People with Each Score
Percentile by Number Answered
Your Score History
You have not taken this quiz